Rugby Quiz - Club Top 14 #3 - Statistiques

Statistiques générales
  • Ce quiz a été pris 160 fois
  • Le résultat moyen est 13 sur 14
Statistiques - réponses
Par images Réponse % Correct
Stade Toulousain
99%
Aviron Bayonnais Rugby Pro
98%
Racing 92
98%
Stade Rochelais
98%
ASM Clermont-Auvergne
97%
Montpellier Hérault Rugby
97%
Rugby Club Toulonnais
97%
Stade Français Paris Rugby
97%
Union Bordeaux Bègles
97%
Union Sportive Arlequins Perpignanais
97%
Lyon Olympique Universitaire
96%
Section Paloise Rugby Pro
95%
Castres Olympique
93%
Rugby Club vannetais
90%
Aucun quiz correspondant
Distribution des résultats
% des personnes avec chaque résultat
Percentile par nombre de réponses
Votre historique - résultats
Vous n’avez pas pris ce quiz